| 000 | 01029cam a2200337 a 4500 | ||
|---|---|---|---|
| 001 | 4463163 | ||
| 005 | 20200421093822.0 | ||
| 008 | 110113s2006 cc a 001 0 eng d | ||
| 015 |
_aGBA625253 _2bnb |
||
| 020 |
_a9780596101992 (pbk) : _cNo price |
||
| 020 |
_a0596101996 (pbk) : _cNo price |
||
| 035 | _a(UkCU)4403465 | ||
| 035 | _a(Uk)013408882 | ||
| 035 | _a1329111 | ||
| 040 |
_aStDuBDS _dUkCU _dUk |
||
| 042 | _aukscp | ||
| 082 | 0 | 4 |
_a005.71262 _222 |
| 100 | 1 |
_aFlanagan, David. _9378 |
|
| 245 | 1 | 0 |
_aJavaScript : _bthe definitive guide / _cDavid Flanagan ; [editor, Debra Cameron] |
| 250 | _a5th ed. | ||
| 260 |
_aBeijing ; _aCambridge : _bO'Reilly, _cc2006. |
||
| 300 |
_axxii, 994 p. : _bill. ; _c24 cm. |
||
| 500 | _aPrevious ed.: 2002. | ||
| 500 | _aIncludes index. | ||
| 500 |
_aFormerly CIP. _5Uk |
||
| 650 | 0 |
_aJavaScript (Computer program language) _9379 |
|
| 650 | 0 |
_aWeb servers. _9900 |
|
| 650 | 0 | _aObject-oriented programming (Computer science) | |
| 700 | 1 |
_aCameron, Debra. _9380 |
|
| 942 |
_2ddc _cBK |
||
| 999 |
_c201 _d201 |
||